MDQL
is popping MORE tags! Check the
thread
!
Quizzes
Events
Quiz Creation
Community
Videos
Private Events
Remove Ads
Sign In
Join for FREE
Feedback
Dark Mode
Quiz Categories
Sports
Geography
Music
Movies
Television
Just For Fun
Miscellaneous
History
Literature
Language
Science
Gaming
Entertainment
Religion
Holiday
For Kids
Quiz Lab
Recent
Popular Today
Quiz Kudos Today
Editor Picks
Curator Picks
Quizzes by...
Day
Popularity
Type
Ratings
Length
Year
Community
Subscriptions
Recent Discussions
Orange Saloon
Badges
Playlists
Quests
Create
Leaderboards
Showdown
Live 5
Trivia Bingo
Activity
Puzzle Library
Sporcle Events
Private Events
Virtual Trivia
Globe League
Become a Host
Pub Owners
SporcleCon
Opinionation
Our Games
Videos
Blog
Mobile Apps
Partnerships
Remove Ads and Go Orange
Feedback
Sports
Athletes
MLB
NBA
NHL
NFL
Soccer
Sports Teams
WWE
NCAA
Football
Premier League
Basketball
Baseball
Hockey
Golf
Tennis
Cricket
Rugby
Auto Racing
Olympics
World Cup
Sports
Athletes
MLB
NBA
NHL
NFL
Soccer
Sports Teams
WWE
NCAA
Football
Premier League
Basketball
Baseball
Hockey
Golf
Tennis
Cricket
Rugby
Auto Racing
Olympics
World Cup
Random Quiz
Search Sporcle
×
Quiz Lab
Quiz Lab
Sports
Squad
Type in answers that appear in a list
Type in answers that appear in a list
Classic
Best Score? Go Orange.
Euro 2016 Full Squads Part 1 Stats
Can you name the Euro 2016 Full Squads Part 1?
By
grtom
15m
276 Questions
124 Plays
124 Plays
124 Plays
Comments
Comments
Give Quiz Kudos
Give Quiz Kudos
-
- Ratings
hide this ad
Replay
Link that replays current quiz
Next Quiz
Link to next quiz in quiz playlist
You Got
0%
They Got
Avg Score
28%
Avg Friend Score
Upgrade to see
Score Distribution
Jump to the score distribution portion of the page
Score
0/276
Timer
15:00
0
Plays Today
Nat. Team (Group)
Player
% Correct
France (A)
Hugo Lloris
88.7%
France (A)
Olivier Giroud
83.9%
France (A)
Antoine Griezmann
81.5%
France (A)
N'Golo Kante
79.8%
France (A)
Laurent Koscielny
79%
France (A)
Dimitri Payet
79%
France (A)
Sreve Mandanda
77.4%
France (A)
Paul Pogba
77.4%
France (A)
Anthony Martial
76.6%
France (A)
Patrice Evra
75.8%
France (A)
Andre-Pierre Gignac
73.4%
France (A)
Bacary Sagna
71.8%
France (A)
Blaise Matuidi
70.2%
France (A)
Yohan Cabaye
69.4%
France (A)
Eliaquim Mangala
66.9%
Switzerland (A)
Granit Xhaka
66.9%
Albania (A)
Taulant Xhaka
66.9%
Germany (C)
Emre Can
65.3%
France (A)
Adil Rami
63.7%
France (A)
Kingsley Coman
63.7%
France (A)
Morgan Schneiderlin
63.7%
Wales (B)
Gareth Bale
63.7%
Germany (C)
Manuel Neuer
63.7%
England (B)
Joe Hart
62.9%
England (B)
Dele Alli
62.1%
England (B)
Harry Kane
62.1%
Wales (B)
Aaron Ramsey
61.3%
England (B)
Wayne Rooney
61.3%
England (B)
Raheem Sterling
60.5%
England (B)
Jamie Vardy
60.5%
Germany (C)
Toni Kroos
60.5%
Germany (C)
Mesut Ozil
60.5%
France (A)
Moussa Sissoko
59.7%
England (B)
Daniel Sturridge
59.7%
Germany (C)
Thomas Muller
59.7%
England (B)
Jordan Henderson
58.9%
Germany (C)
Mats Hummels
58.9%
England (B)
Gary Cahill
58.1%
England (B)
Eric Dier
58.1%
Germany (C)
Jerome Boateng
58.1%
Switzerland (A)
Yann Sommer
57.3%
Germany (C)
Mario Gomez
57.3%
England (B)
Kyle Walker
56.5%
England (B)
Marcus Rashford
56.5%
Germany (C)
Bastian Schweinsteiger
56.5%
Poland (C)
Robert Lewandowski
56.5%
France (A)
Lucas Digne
55.6%
England (B)
Danny Rose
55.6%
Switzerland (A)
Roman Burki
53.2%
Switzerland (A)
Stephan Lichtsteiner
53.2%
Slovakia (B)
Marek Hamsik
53.2%
England (B)
Fraser Forster
53.2%
Germany (C)
Lukas Podolski
53.2%
Switzerland (A)
Ricardo Rodriguez
51.6%
England (B)
Chris Smalling
51.6%
England (B)
James Milner
51.6%
England (B)
Jack Wilshere
51.6%
Germany (C)
Mario Gotze
51.6%
England (B)
John Stones
50.8%
England (B)
Ross Barkley
50.8%
England (B)
Adam Lallana
50.8%
Germany (C)
Marc-Andre ter Stegen
50.8%
Germany (C)
Sami Khedira
50.8%
Wales (B)
Ben Davies
50%
Germany (C)
Schokdran Mustafi
50%
Wales (B)
Ashley Williams
49.2%
Wales (B)
Owain Fon Williams
48.4%
Wales (B)
Joe Allen
48.4%
Wales (B)
Jonathan Williams
48.4%
Wales (B)
George Williams
48.4%
England (B)
Nathaniel Clyne
48.4%
Poland (C)
Lukasz Fabianski
47.6%
Germany (C)
Julian Draxler
46.8%
France (A)
Christophe Jallet
46%
Slovakia (B)
Martin Skrtel
46%
England (B)
Ryan Bertrand
46%
Germany (C)
Benedikt Howedes
46%
Switzerland (A)
Valon Behrami
45.2%
Wales (B)
Wayne Hennessey
44.4%
Germany (C)
Joshua Kimmich
44.4%
England (B)
Tom Heaton
43.5%
Poland (C)
Arkadiusz Milik
43.5%
Germany (C)
Bernd Leno
42.7%
Wales (B)
Hal Robson-Kanu
41.9%
Russia (B)
Igor Akinfeev
41.9%
Poland (C)
Wojciech Szczesny
41.9%
Switzerland (A)
Johan Djourou
41.1%
Poland (C)
Artur Boruc
41.1%
France (A)
Benoit Costil
40.3%
Germany (C)
Jonas Hector
40.3%
Switzerland (A)
Fabian Schar
37.9%
Switzerland (A)
Gelson Fernandes
37.1%
Nat. Team (Group)
Player
% Correct
Switzerland (A)
Breel Embolo
37.1%
Northern Ireland (C)
Jonny Evans
37.1%
Northern Ireland (C)
Corry Evans
37.1%
Switzerland (A)
Haris Seferovic
36.3%
Albania (A)
Elseld Hysaj
36.3%
Germany (C)
Andre Schurrle
36.3%
Romania (A)
Vlad Chiriches
34.7%
Wales (B)
Andy King
34.7%
Albania (A)
Lorik Cana
33.9%
Wales (B)
Sam Vokes
33.9%
Poland (C)
Lukasz Piszczek
33.9%
Ukraine (C)
Andriy Yarmolenko
33.9%
Germany (C)
Jonathan Tah
33.1%
Wales (B)
Joe Ledley
32.3%
Switzerland (A)
Blerim Dzemaili
31.5%
Wales (B)
Danny Ward
31.5%
Poland (C)
Kamil Glik
31.5%
Northern Ireland (C)
Jamie Ward
31.5%
Wales (B)
James Collins
30.6%
Northern Ireland (C)
Steven Davis
30.6%
Northern Ireland (C)
Will Grigg
29.8%
Switzerland (A)
Admir Mehmedi
29%
Albania (A)
Etrit Berisha
29%
Wales (B)
Neil Taylor
29%
Ukraine (C)
Yevhen Konoplyanka
29%
Romania (A)
Costel Pantilimon
28.2%
Russia (B)
Aleksei Berezutski
27.4%
Russia (B)
Vasili Berezutski
27.4%
Poland (C)
Grzegorz Krychowiak
27.4%
Wales (B)
James Chester
26.6%
Russia (B)
Aleksandr Kokorin
26.6%
Germany (C)
Leroy Sane
26.6%
Poland (C)
Jakub Blaszczykowski
26.6%
Romania (A)
Bogdan Stancu
25.8%
Switzerland (A)
Fabian Frei
25%
Wales (B)
Chris Gunter
25%
Romania (A)
Ciprian Tatarusanu
24.2%
Germany (C)
Julian Weigl
24.2%
Switzerland (A)
Xherdan Shaquiri
23.4%
Romania (A)
Razvan Rat
23.4%
Slovakia (B)
Juraj Kucka
23.4%
Slovakia (B)
Vladimir Weiss
22.6%
Russia (B)
Aleksandr Golovin
22.6%
Northern Ireland (C)
Gareth McAuley
22.6%
Switzerland (A)
Marwin Hitz
21.8%
Switzerland (A)
Eren Derdiyok
21%
Russia (B)
Sergei Ignashevich
21%
Northern Ireland (C)
Paddy McNair
21%
Northern Ireland (C)
Kyle Lafferty
21%
Ukraine (C)
Andriy Pyatov
20.2%
Switzerland (A)
Nico Elvedi
19.4%
Poland (C)
Piotr Zielinski
19.4%
Albania (A)
Lemir Memushaj
18.5%
Slovakia (B)
Ondrej Duda
18.5%
Switzerland (A)
Steve von Bergen
17.7%
Albania (A)
Armando Sadiku
17.7%
Wales (B)
David Edwards
17.7%
Russia (B)
Roman Neustadter
17.7%
Russia (B)
Feder Smolov
17.7%
Albania (A)
Andl Lila
16.9%
Switzerland (A)
Denis Zakaria
16.1%
Albania (A)
Arland Ajeti
16.1%
Wales (B)
Jazz Richards
16.1%
Wales (B)
Simon Church
16.1%
Northern Ireland (C)
Aaron Hughes
16.1%
Switzerland (A)
Michael Lang
15.3%
Albania (A)
Mergim Mavraj
15.3%
Albania (A)
Shkelzen Gashi
15.3%
Northern Ireland (C)
Michael McGovern
15.3%
Slovakia (B)
Peter Pekarik
14.5%
Slovakia (B)
Milan Skriniar
14.5%
Poland (C)
Michal Pazdan
14.5%
Poland (C)
Karol Linetty
14.5%
Switzerland (A)
Francois Moubandje
13.7%
Romania (A)
Claudiu Keseru
13.7%
Poland (C)
Kamil Grosicki
13.7%
France (A)
Samuel Umititi
12.9%
Switzerland (A)
Shani Tarashaj
12.9%
Romania (A)
Alexandru Chipciu
12.9%
Romania (A)
Florin Andone
12.9%
Poland (C)
Thiago Cionek
12.9%
Poland (C)
Bartosz Kapustka
12.9%
Northern Ireland (C)
Craig Cathcart
12.9%
Ukraine (C)
Anatoliy Tymoshchuk
12.9%
Ukraine (C)
Olexandr Zinchenko
12.9%
Albania (A)
Alban Hoxha
12.1%
Albania (A)
Ansl Agolli
12.1%
Wales (B)
David Vaughan
12.1%
Albania (A)
Amir Abrashi
11.3%
Romania (A)
Lucian Sanmartean
11.3%
Slovakia (B)
Norbert Gyomber
11.3%
Slovakia (B)
Miroslav Stoch
11.3%
Nat. Team (Group)
Player
% Correct
Russia (B)
Pavel Mamaev
11.3%
Russia (B)
Oleg Shatov
11.3%
Albania (A)
Ergys Kace
10.5%
Albania (A)
Odise Roshi
10.5%
Albania (A)
Sokol Cikalleshi
10.5%
Romania (A)
Silviu Lung
10.5%
Romania (A)
Cosmin Moti
10.5%
Slovakia (B)
Jan Mucha
10.5%
Slovakia (B)
Jan Durica
10.5%
Slovakia (B)
Robert Mak
10.5%
Russia (B)
Igor Smolnikov
10.5%
Poland (C)
Artur Jedrzejczyk
10.5%
Poland (C)
Krzysztof Maczynski
10.5%
Ukraine (C)
Mykyta Shevchenko
10.5%
Albania (A)
Migjen Basha
9.7%
Albania (A)
Bekim Balaj
9.7%
Romania (A)
Stellano Filip
9.7%
Romania (A)
Dragos Grigore
9.7%
Romania (A)
Ovidiu Hoban
9.7%
Romania (A)
Andrei Prepelita
9.7%
Wales (B)
David Cotterill
9.7%
Russia (B)
Denis Glushakov
9.7%
Russia (B)
Aleksandr Samedov
9.7%
Northern Ireland (C)
Roy Carroll
9.7%
Northern Ireland (C)
Conor Washington
9.7%
Ukraine (C)
Roman Zozulya
9.7%
Albania (A)
Frederic Veseli
8.9%
Albania (A)
Burim Kukeli
8.9%
Romania (A)
Cristian Sapunaru
8.9%
Romania (A)
Mihai Pintilii
8.9%
Romania (A)
Adrian Popa
8.9%
Romania (A)
Gabriel Torje
8.9%
Slovakia (B)
Adam Nemec
8.9%
Russia (B)
Yuri Lodygin
8.9%
Northern Ireland (C)
Stuart Dallas
8.9%
Albania (A)
Naser Aliji
8.1%
Slovakia (B)
Tomas Hubocan
8.1%
Russia (B)
Guilherme
8.1%
Russia (B)
Dimitri Kombarov
8.1%
Poland (C)
Slawomir Peszko
8.1%
Poland (C)
Filip Starzynski
8.1%
Poland (C)
Mariusz Stepinski
8.1%
Ukraine (C)
Vyacheslav Shevchuk
8.1%
Ukraine (C)
Ruslan Rotan
8.1%
Ukraine (C)
Taras Stepanenko
8.1%
Albania (A)
Orges Shehi
7.3%
Romania (A)
Valerica Gaman
7.3%
Russia (B)
Oleg Ivanov
7.3%
Poland (C)
Bartosz Salamon
7.3%
Northern Ireland (C)
Chris Baird
7.3%
Northern Ireland (C)
Conor McLaughlin
7.3%
Northern Ireland (C)
Oliver Norwood
7.3%
Ukraine (C)
Yevhen Khacheridi
7.3%
Romania (A)
Alexandru Matel
6.5%
Slovakia (B)
Matus Kozacik
6.5%
Russia (B)
Dimitri Torbinski
6.5%
Poland (C)
Jakub Wawrzyniak
6.5%
Northern Ireland (C)
Josh Magennis
6.5%
Northern Ireland (C)
Niall McGinn
6.5%
Ukraine (C)
Yaroslav Rakitskiy
6.5%
Ukraine (C)
Viktor Kovalenko
6.5%
Albania (A)
Ermir Lenjali
5.6%
Ukraine (C)
Olexandr Kucher
5.6%
Slovakia (B)
Viktor Pecovsky
4.8%
Slovakia (B)
Michal Duris
4.8%
Russia (B)
Georgi Schennikov
4.8%
Northern Ireland (C)
Luke McCullough
4.8%
Ukraine (C)
Denys Boyko
4.8%
Romania (A)
Denis Albec
4%
Slovakia (B)
Jan Novota
4%
Slovakia (B)
Kornel Salata
4%
Slovakia (B)
Dusan Svento
4%
Slovakia (B)
Jan Gregus
4%
Russia (B)
Artem Dyzuba
4%
Northern Ireland (C)
Alan Mannus
4%
Northern Ireland (C)
Shane Ferguson
4%
Ukraine (C)
Serhiy Sydorchuk
4%
Ukraine (C)
Yevhen Seleznyov
4%
Romania (A)
Nicolae Stanclu
3.2%
Russia (B)
Roman Shishkin
3.2%
Ukraine (C)
Bohdan Butko
3.2%
Ukraine (C)
Artem Fedetskiy
3.2%
Ukraine (C)
Denys Garmash
3.2%
Russia (B)
Artur Yusupov
2.4%
Northern Ireland (C)
Lee Hodson
2.4%
Slovakia (B)
Patrik Hrsovsky
1.6%
Slovakia (B)
Sanislav Stestak
1.6%
Russia (B)
Roman Shirikov
1.6%
Ukraine (C)
Serhiy Rybalka
1.6%
Ukraine (C)
Pylyp Budkivskiy
1.6%
Ukraine (C)
Olexandr Karavaev
0.8%
Poland (C)
Tomasz Jodlowec
0%
Quiz Playlist
Details
Report
Send in Message
Add To Playlist
Classic:
Type in answers that appear in a list
Last Updated: Feb 16, 2017
Quiz Scoreboard
CHALLENGE
Sign Up to Join the Scoreboard
Show All
Scores
Hide
Comments
May contain spoilers
Recently Published
1-10 Letter E Words III
by El_Dandy
Language
2m
Street Fighter Characters
by Artimus82
Gaming
60s
College Basketball Coaching Resumes
by pancakes188
Sports
9m
More to Explore
Quiz From the Vault
Featured Blog Post
Where Did the Easter Bunny Come From?
hide this ad
You Might Also Like...
Tags
2016
club
Euro 2016
full
group
nat
Player
pos
Squad
team
Today's Top Quizzes in Sports
Browse Sports
hide this ad
Today's Top Quizzes in Squad
Browse Squad
Top Contributed Quizzes in Sports
1
2022 World Cup Stars
2
Les meilleurs buteurs des matchs entre le PSG et l’OM
3
FIFA Club World Cup Champions
4
Les entraîneurs de l'OM et du PSG au 21e siècle
5
Criteria MLB: Left Handed Sluggers
6
2023 MLB Unique Player Accomplishments
7
AFC Teams Reveal (Wrong Answers Minefield)
8
Players with Multiple 50 Home Run Seasons
9
5-to-1: FBS Animal Nicknames
10
5-to-1: UK Sports Teams
Explore More
Trending Topics
NBA
Anime
Kpop
Marvel
Harry Potter
Crossword
Disney
Song
Soccer
Country
Pokémon
Puzzle
NFL
The Office
WWE
hide this ad
More By:
grtom
Quiz
Plays
Rating
Category
Featured
Created
Premier League 100 Greatest Players 15/16
542
2.67
Sports
Jan 25, 2016
Guitar Brands
465
Music
Jan 19, 2016
Marvels Top 100 Most Powerful Heroes and Villains
459
1.00
Literature
Jan 20, 2016
Liverpool 16/17 Squad
432
4.00
Sports
Sep 14, 2016
UFC 30 Greatest Fighters
427
1.00
Sports
Jan 24, 2016
Go to Creator's Profile
Score Distribution
Quiz Creator Spotlight
grtom
Follow
Send a Message
Quizzes Created
-
Created Quiz Play Count
-
More By This Creator
Popular Quizzes Today
1
Find the US States - No Outlines Minefield
2
Find the Countries of Europe - No Outlines Minefield
3
The Countries of the World
4
Find the US States
5
Risky Map Clicking: Biggest States A-Z
6
US States
7
Popular People in 1961
8
Movies - When Are They Set?
More Sports Quizzes
Manchester United 2017-18 FA Cup Starting XIs
Quiz Lab
Trending Quizzes
Risky Map Clicking: Least Populous States A-Z
1-10 Letter G Words
1-10 Letter F Words
Countries of the World: 200 Million BC
Risky Map Clicking: Next State Alphabetically
Recently Updated
Most Oscar Losses (Acting)
pecheneg
Beyoncé Albums
pecheneg
Leaping Animals
pecheneg
Reality TV Shows (A-Z)
bhenderson79
Rickey Henderson's Hall of Fame Teammates
pecheneg
Champions League XIs: Arsenal
pecheneg
Quick Pick: Celebrities in WWE's Hall of Fame
aduchscher
A-Z Keypad Blitz II
pecheneg
Multiple Oscar Actors
pecheneg
Mystery Phrase Blitz: Oscar 'Best Actors'
pecheneg
Trending Topics
NBA
Disney
Anime
Harry Potter
Crossword
Marvel
Kpop
Song
Puzzle
Pokémon
The Office
Soccer
NFL
Country
WWE
Your Account Isn't Verified!
In order to create a playlist on Sporcle, you need to verify the email address you used during registration. Go to your
Sporcle Settings
to finish the process.
Report this User
Report this user for behavior that violates our
Community Guidelines
.
Details:
Send Report
Go to the Sporcle.com Mobile Site →
Comments